000 01230nam a2200301 i 4500
999 _c65157
_d65157
001 768714001
003 CO-MdFUSB
005 20190903094632.0
008 190823t2004 ck |||| |||| 00| 0 spa d
020 _a9587041844
040 _aCO-MdFUSB
_bspa
_cCO-MdFUSB
_dCO-MdFUSBC
_erda
041 _aspa
082 _223
_a201
_bR436
100 _aRestrepo, Luis Carlos.
_eautor
245 3 _aEl retorno de lo sacro.
_c/ Luis Carlos Restrepo.
264 _aBogotá, Colombia :
_bTaurus,
_c[2004]
264 4 _c© 2004
300 _a202 páginas
_c; 22 cm
336 _2rdacontent
_atexto
_btxt
337 _2rdamedia
_asin mediación
_bn
338 _2rdacarrier
_avolumen
_bnc
490 _aPensamiento
505 _aEncuentro con la diferencia. -- Potencia hecha máscara. -- Dionisismo y democracia. -- La ambigüedad constitutiva -- Sacralidad: dominio de la madre. -- El paso por la encrucijada. -- La sacro y lo santo. -- El guerrero de la fe. -- Marxismo y cristianismo. -- En el nombre del pueblo. -- Política y maleficium. --Un nuevo pacto de convivencia. -- Estética de la libertad. -- Vacuidad y fuga.
563 _aRústico
650 0 _91247
_aCristianismo y otras religiones
942 _cBK
945 _aJTF-925